Japan Area Codes - No Borders - Statistics

General Stats
  • This quiz has been taken 5 times
  • The average score is 25 of 59
Answers on the Map
Answers color-coded by a green-red scale on the quiz's map according to % correct below.
 
Answer Stats
Answer % Correct
015
75%
023
75%
057
75%
076
75%
085
75%
098
75%
011
50%
012
50%
014
50%
016
50%
017
50%
018
50%
022
50%
025
50%
026
50%
027
50%
028
50%
03
50%
045
50%
046
50%
047
50%
052
50%
053
50%
058
50%
059
50%
06
50%
072
50%
073
50%
075
50%
082
50%
084
50%
087
50%
088
50%
092
50%
094
50%
096
50%
013
25%
019
25%
024
25%
029
25%
042
25%
043
25%
044
25%
048
25%
049
25%
054
25%
055
25%
056
25%
074
25%
077
25%
078
25%
079
25%
083
25%
086
25%
089
25%
093
25%
095
25%
097
25%
099
25%
No matching quizzes found
Score Distribution
Percent of People with Each Score
Percentile by Number Answered
Your Score History
You have not taken this quiz